El secreter de Josep Francesc de Caramany (Record no. 11062)
[ view plain ]
| 000 -CABECERA | |
|---|---|
| campo de control de longitud fija | 01651nam a22002897a 4500 |
| 001 - NÚMERO DE CONTROL | |
| campo de control | BRCA_9350 |
| 003 - IDENTIFICADOR DEL NÚMERO DE CONTROL | |
| campo de control | FranzMayer |
| 005 - FECHA Y HORA DE LA ÚLTIMA TRANSACCIÓN | |
| campo de control | 20230913114703.0 |
| 008 - DATOS DE LONGITUD FIJA--INFORMACIÓN GENERAL | |
| campo de control de longitud fija | 230908b |||||||| |||| 00| 0 eng d |
| 040 ## - FUENTE DE LA CATALOGACIÓN | |
| Centro catalogador/agencia de origen | MFM |
| Lengua de catalogación | ESPAÑOL |
| Centro/agencia transcriptor | MFM |
| 050 #0 - SIGNATURA TOPOGRÁFICA DE LA BIBLIOTECA DEL CONGRESO | |
| Número de clasificación | N6465.A28 |
| Número de documento/Ítem | R45 2021 |
| 110 1# - ENTRADA PRINCIPAL--NOMBRE DE ENTIDAD CORPORATIVA | |
| Código de función/relación | Responsable |
| Nombre de entidad corporativa o nombre de jurisdicción como elemento de entrada | Reial Academia Catalana d Belles Arts d Sant Jordi |
| 9 (RLIN) | 29748 |
| 240 ## - TÍTULO UNIFORME | |
| Título uniforme | El secreter de Josep Francesc de Caramany |
| Medio | Discurs d'ingrés de lácademica electa Illma. Sra. Dra. Mónica Piera Miquel, llegit a la sala d'actes de l'Academia, el 15 de setembre de 2021. Discurs de contesta de l'academica numeraria IIlma. Sra. Dra. Pilar Vélez. Barcelona, 2021 |
| Lenguaje de la obra | Catalán |
| 245 0# - MENCIÓN DE TÍTULO | |
| Título | El secreter de Josep Francesc de Caramany |
| Resto del título | Discurs d'ingrés de lácademica electa Illma. Sra. Dra. Mónica Piera Miquel, llegit a la sala d'actes de l'Academia, el 15 de setembre de 2021. Discurs de contesta de l'academica numeraria IIlma. Sra. Dra. Pilar Vélez. Barcelona, 2021 |
| 260 ## - PUBLICACIÓN, DISTRIBUCIÓN, ETC. | |
| Lugar de publicación, distribución, etc. | Cataluña, España |
| Nombre del editor, distribuidor, etc. | Reial Academia Catalana d Belles Arts d Sant Jordi |
| Fecha de publicación, distribución, etc. | 2021 |
| 300 ## - DESCRIPCIÓN FÍSICA | |
| Extensión | 31 p |
| Dimensiones | 23 cm |
| 500 ## - NOTA GENERAL | |
| Nota general | Incluye una dedicatoria a la biblioteca del museo Franz Mayer en la primer hoja |
| 500 ## - NOTA GENERAL | |
| Nota general | L60/N6 |
| 505 ## - NOTA DE CONTENIDO CON FORMATO | |
| Nota de contenido con formato | Texto en: CatalánDirigido a: estudiantes y profesores de arte |
| 650 1# - PUNTO DE ACCESO ADICIONAL DE MATERIA--TÉRMINO DE MATERIA | |
| Fuente del encabezamiento o término | Artes visuales |
| Término de materia o nombre geográfico como elemento de entrada | Escuelas de arte |
| Subdivisión de forma | Academias en España |
| 9 (RLIN) | 29749 |
| 651 2# - PUNTO DE ACCESO ADICIONAL DE MATERIA--NOMBRE GEOGRÁFICO | |
| Fuente del encabezamiento o término | Reial Academia Catalana d Belles Arts d Sant Jordi |
| Nombre geográfico | Sant Jordi |
| Subdivisión de forma | Josep Francesc de Caramary |
| 9 (RLIN) | 29750 |
| 700 1# - PUNTO DE ACCESO ADICIONAL--NOMBRE DE PERSONA | |
| Código de función/relación | Texto |
| Nombre de persona | Piera Miquel, Mónica |
| 9 (RLIN) | 29751 |
| 700 1# - PUNTO DE ACCESO ADICIONAL--NOMBRE DE PERSONA | |
| Código de función/relación | Disc |
| Nombre de persona | Vélez, Pilar |
| 9 (RLIN) | 29752 |
| 700 1# - PUNTO DE ACCESO ADICIONAL--NOMBRE DE PERSONA | |
| Código de función/relación | Foto |
| Nombre de persona | Grau Sola, Ester |
| 9 (RLIN) | 29753 |
| 856 ## - LOCALIZACIÓN Y ACCESO ELECTRÓNICOS | |
| Especificación de materiales | www.racba.org |
| 942 ## - ELEMENTOS DE PUNTO DE ACCESO ADICIONAL (KOHA) | |
| Fuente del sistema de clasificación o colocación | Library of Congress Classification |
| Tipo de ítem Koha | Libros |
| Estado de retiro | Estado de pérdida | Fuente del sistema de clasificación o colocación | Estado dañado | No para préstamo | Código de colección | Localización permanente | Ubicación/localización actual | Fecha de adquisición | Total de préstamos | Signatura topográfica completa | Código de barras | Fecha visto por última vez | Precio válido a partir de | Tipo de ítem Koha |
|---|---|---|---|---|---|---|---|---|---|---|---|---|---|---|
| El ejemplar forma parte de la colección y puede ser consultado según las políticas vigentes. | Library of Congress Classification | Fondo Contemporáneo | Biblioteca del Museo Franz Mayer (Rogerio Casas-Alatriste) | Biblioteca del Museo Franz Mayer (Rogerio Casas-Alatriste) | 08/09/2023 | N6465.A28 R45 2021 | CONT10217 | 08/09/2023 | 08/09/2023 | Libros |